Motivate - Little Mix - All Lyrics - Statistics

General Stats
  • This quiz has been taken 48 times
  • The average score is 495 of 598
Answer Stats
Answer % Correct
me
100%
me,
100%
me)
100%
a
96%
(Ha-ha,
96%
ha-ha)
96%
He
96%
he
96%
(He
96%
hey
96%
hey)
96%
huh)
96%
I
96%
la, la,
96%
la, la)
96%
motivate
96%
(Oh,
96%
Oh, la, la,
96%
Oh, la. la
96%
Oh, la, la
96%
(Oh, la, la,
96%
that
96%
uh)
96%
go
92%
in,
92%
in
92%
my
92%
that's
92%
(That's
92%
Yeah,
92%
yeah)
92%
(Yeah,
92%
babe
88%
baby
88%
baby)
88%
baby,
88%
it
88%
it,
88%
it)
88%
on
88%
to
88%
want
88%
Want
88%
when
88%
When
88%
any
85%
Any
85%
give
85%
like,
85%
like
85%
of
85%
up
85%
We
85%
we
85%
can't
81%
dive
81%
every
81%
ocean
81%
way
81%
all
77%
(All
77%
and
77%
get
77%
he's
77%
let
77%
the
77%
The
77%
down
73%
enough
73%
just
73%
never
73%
off
73%
begun
69%
Drunk
69%
him
69%
kind
69%
lower
69%
(Lower,
69%
lower,
69%
lower)
69%
night
69%
no
69%
no,
69%
or
69%
2AM
65%
baller
65%
body
65%
coffee
65%
long
65%
long)
65%
sober
65%
(Sober,
65%
sober,
65%
sober)
65%
table
65%
got
62%
I'm
62%
it's
62%
(Move
62%
move
62%
switchin'
62%
touch
62%
where
62%
bitches
58%
keeping
58%
moves
58%
roll
58%
take
58%
talk
58%
with
58%
hate
54%
look
54%
pose
54%
really
54%
singing
54%
tonight
54%
cave
50%
gon'
50%
One
50%
our
50%
over
50%
struts
50%
always
46%
country
46%
feelings
46%
gets
46%
Highways
46%
home
46%
labels
46%
only
46%
catching
42%
date
42%
Don't
42%
don't
42%
guy
42%
matter,
42%
matter
42%
hear
38%
lanes,
38%
away
35%
hooked
35%
Then
35%
hold
31%
No matching quizzes found
Score Distribution
Percent of People with Each Score
Percentile by Number Answered
Your Score History
You have not taken this quiz